000 00650nam a2200205 i 4500
001 bgj
245 1 0 _aZeitschrift für Literaturwissenschaft und Linguistik :
_bSoziologie mittelalterlicher Literatur.
_chrsg. von Helmut Kreuzer [et al.]. ; Wolfgang Haubrichs.
_nHeft 11/1973 /
246 1 _aSoziologie mittelalterlicher Literatur.
260 _aFrankfurt am Main :
_bAthenäum,
_c1973.
300 _a116 s. ;
_c23 cm.
650 9 _aLiteratura
700 1 _aKREUZER, Helmut.
700 1 _aHAUBRICHS, Wolfgang.
040 _cBPK
041 0 _ager
044 _aDEU
080 _a82
942 _cKS
008 s gw f |000 0 ger
999 _c50027
_d50027
856 _uhttp://koha.tu.koszalin.pl/cgi-bin/koha/opac-detail.pl?biblionumber=50027
_yKatalog online BPK